000
00206nam a22000857a 4500
008
161217b xxu||||| |||| 00| 0 eng d
100
_9
2093
_a
Doshi.M.D.
245
_a
General Knowledge-II
260
_a
Cordava
_c
2008
999
_c
4973
_d
4973